Varsinais-Suomen kansanedustajat 23-27 - Statistics

Yleistilastot
  • Tätä visaa on pelattu 11 kertaa
  • Keskiarvotulos 11 / 17
Vastaustilastot
Puolue Edustaja % Oikein
Kokoomus Petteri Orpo
90%
Perussuomalaiset Vilhelm Junnila
90%
RKP Sandra Bergqvist
80%
Vasemmistoliitto Timo Furuholm
80%
Vasemmistoliitto Johannes Yrttiaho
70%
Perussuomalaiset Ritva Elomaa
70%
Vihreät Sofia Virta
70%
Perussuomalaiset Ville Tavio
70%
Keskusta Annika Saarikko
60%
Kokoomus Saara-Sofia Sirén
60%
Kokoomus Ville Valkonen
60%
SDP Eeva-Johanna Eloranta
50%
Kokoomus Milla Lahdenperä
50%
Kokoomus Pauli Aalto-Setälä
50%
SDP Aki Lindén
40%
Perussuomalaiset Mikko Lundén
40%
SDP Saku Nikkanen
30%
Ehtoja vastaavia visoja ei löytynyt
Tulosjakauma
Jokaisen tuloksen saaneiden osuus
Persentiili vastausten määrän mukaan
Tuloshistoriasi
Et ole pelannut tätä visaa